Loading...
| Science - Chemistry | 0 | 5 | 0 | 0 | 50 | 60 | 87.00 | 0 | 0 | 14.02 | 25.00 |
| Science - Other | 0 | 4 | 2 | 2 | 30 | 83 | 105.00 | 0 | 1 | 3.52 | 14.81 |
| Social Science | 0 | 3 | 0 | 1 | 30 | 82 | 96.33 | 1 | 1 | 4.25 | 21.30 |
| Science - Physics | 0 | 2 | 0 | 0 | 20 | 103 | 107.00 | 0 | 0 | 2.41 | 7.41 |
| Philosophy | 0 | 2 | 0 | 0 | 20 | 97 | 99.50 | 0 | 0 | 2.83 | 9.26 |
| Other Academic | 0 | 1 | 0 | 1 | 10 | 125 | 125.00 | 0 | 0 | 0.00 | 5.56 |
| Geography | 0 | 1 | 0 | 1 | 10 | 124 | 124.00 | 0 | 0 | 0.00 | 16.67 |
| History - American | 0 | 1 | 0 | 0 | 10 | 60 | 60.00 | 1 | 1 | 5.11 | 11.11 |
| History - European | 0 | 1 | 0 | 1 | 10 | 127 | 127.00 | 0 | 0 | 0.09 | 1.85 |
| Literature - World | 0 | 1 | 0 | 0 | 10 | 152 | 152.00 | 0 | 0 | 0.00 | 2.78 |
| Religion | 0 | 1 | 1 | 0 | 5 | 105 | 105.00 | 1 | 1 | 0.31 | 11.11 |
| Science - Biology | 0 | 2 | 3 | 0 | 5 | 67 | 78.00 | 0 | 0 | 6.52 | 12.04 |
| Fine Arts - Classical Music | 0 | 1 | 1 | 1 | 5 | 111 | 111.00 | 0 | 0 | 0.10 | 3.70 |
| History - World | 0 | 1 | 1 | 0 | 5 | 138 | 138.00 | 1 | 1 | 0.00 | 11.11 |
| Literature - British | 0 | 0 | 0 | 0 | 0 | 0.00 | 0 | 0 | 0.00 | 0.00 | |
| Fine Arts - Painting and Sculpture | 0 | 0 | 1 | 0 | -5 | 0.00 | 0 | 0 | 0.00 | 0.00 |